Veletrhy versus e-veletrhy?

Tradícia veľtrhov v Čechách. Organizovanie veľtrhov a podpora vzniku firiem ponúkajúcich služby. Internet a e-veľtrh. Nízka cena a rýchlosť prezentácie.Výhody klasického veľtrhu pred e-veľtrhom.

Guardado en:
Detalles Bibliográficos
Autor principal: Zenkner, Petr
Formato: Capítulo de libro
Lenguaje:checo
Materias:
Etiquetas: Agregar Etiqueta
Sin Etiquetas, Sea el primero en etiquetar este registro!

MARC

LEADER 00000naa$a2200000$$$4500
001 0025446
005 20231018124642.0
041 0 |a cze 
044 |a CZ 
245 1 0 |a Veletrhy versus e-veletrhy? 
520 |a Tradícia veľtrhov v Čechách. Organizovanie veľtrhov a podpora vzniku firiem ponúkajúcich služby. Internet a e-veľtrh. Nízka cena a rýchlosť prezentácie.Výhody klasického veľtrhu pred e-veľtrhom. 
610 2 0 |a veľtrhy 
610 2 0 |a firmy 
610 2 0 |a prezentácia firemná 
610 2 0 |a komunikácia 
610 2 0 |a reklama 
610 2 0 |a zákazníci 
610 2 0 |a technológie informačné 
610 2 0 |a internet 
100 1 |a Zenkner, Petr